000 01229nam a2200205Ia 4500
003 Ost
005 20260507075109.0
008 260507s9999||||xx |||||||||||||| ||und||
020 _ax159961927
040 _cfsecg
041 _aara
082 _a330
100 _aعدون، ناصر دادي
_eمؤلف
245 0 _aتقنيات مراقبة التسير :
_bمحاسبة تحليلية /
_c ناصر دادي عدون
260 _aالجزائر:
_bدار المحمدية العامة,
_c1999
300 _a285 صفحة؛
_bجداول
_c23 سم
520 _aتجد في هذا الكتاب ما يلي : محاسبة تحليلية الفصل الأول طريقة التكاليف الحقيقية الفصل الثاني محاسبة المواد الفصل الثالث ملحق عن تكاليف الانتاج الحقيقية الفصل الرابع طريقة التكميل العقلاني للتكاليف الثابتة الفصل الخامس : طريقة التكاليف المتغيرة الفصل السادس طريقة التكاليف المعيارية الفصل السابع طريقة التكاليف الهامشية
653 _aمحاسبة مالية
942 _cكتاب
999 _c42837
_d42837